[Event "zonal 1.7b"]
[Site "Mykolaiv UKR"]
[Date "1993.??.??"]
[Round "?"]
[White "Rakhmangulov, Andrei"]
[Black "Ryskin, Alexander"]
[Result "1/2-1/2"]
[WhiteElo "2325"]
[BlackElo "2505"]
[EventDate "1993.03.??"]
[PlyCount "121"]

1.d4 Nf6 2.Nf3 g6 3.c3 Bg7 4.h3 b6 5.Bf4 Ba6 6.Nbd2 c5 7.e3 Bxf1 8.Nxf1 
Qc8 9.N1d2 Qa6 10.Ne5 Qb7 11.Qb3 O-O 12.O-O d6 13.Nef3 Nc6 14.Nc4 cxd4 15.
cxd4 Qd7 16.Rfc1 Rab8 17.Ncd2 Na5 18.Qd3 Nd5 19.Bg3 b5 20.e4 Nb6 21.b3 Nc6
22.a3 Rbc8 23.Rab1 Na5 24.Bf4 a6 25.Be3 Rxc1+ 26.Rxc1 Rc8 27.Rxc8+ Qxc8 
28.Nb1 d5 29.e5 Nc6 30.g4 f6 31.exf6 exf6 32.Nc3 Bf8 33.Bc1 Qe6 34.Kg2 Nc8
35.Qc2 Nd6 36.Ne2 Ne4 37.Nf4 Qd7 38.Qd3 Bh6 39.Be3 Bf8 40.b4 Be7 41.Qb3 
Kf7 42.Qxd5+ Qxd5 43.Nxd5 Bd6 44.Bc1 a5 45.bxa5 Nxa5 46.Ne1 Nb3 47.Bb2 
Ned2 48.Ne3 Ke6 49.N1c2 Na5 50.f3 Ndc4 51.Nxc4 Nxc4 52.Bc1 Kd5 53.Kf2 Nb6 
54.Ke2 Kc4 55.Ne3+ Kb3 56.Kd3 Bxa3 57.Bxa3 Kxa3 58.d5 b4 59.d6 b3 60.Nd1 
Kb4 61.Kd4 1/2-1/2

[Event "zonal 1.7b"]
[Site "Mykolaiv UKR"]
[Date "1993.??.??"]
[Round "?"]
[White "Rogozenco, Dorian"]
[Black "Fedorov, Alexei"]
[Result "1/2-1/2"]
[WhiteElo "2480"]
[BlackElo "2490"]
[EventDate "1993.03.??"]
[PlyCount "67"]

1.d4 Nf6 2.c4 g6 3.Nc3 Bg7 4.e4 O-O 5.Be3 d6 6.f3 Nc6 7.Nge2 a6 8.Qd2 Rb8 
9.h4 h5 10.Nc1 e5 11.d5 Ne7 12.Nb3 c6 13.O-O-O cxd5 14.Nxd5 Nexd5 15.cxd5 
Ne8 16.Bd3 f5 17.Kb1 Nf6 18.Qb4 fxe4 19.fxe4 Ng4 20.Bb6 Qe7 21.Rhf1 Rxf1 
22.Rxf1 Bh6 23.Na5 Bd7 24.Ba7 Rf8 25.Rxf8+ Bxf8 26.Qxb7 Qxh4 27.Qxd7 Qe1+ 
28.Kc2 Qxa5 29.Qc6 Qe1 30.Qb6 Qg3 31.Bf1 Qe1 32.Bd3 Qg3 33.Bf1 Qe1 34.Bd3 
1/2-1/2

[Event "zonal 1.7b"]
[Site "Mykolaiv UKR"]
[Date "1993.??.??"]
[Round "?"]
[White "Rogozenco, Dorian"]
[Black "Ginsburg, Gennadi"]
[Result "1/2-1/2"]
[WhiteElo "2480"]
[BlackElo "2395"]
[EventDate "1993.03.??"]
[PlyCount "55"]

1.d4 d5 2.c4 e6 3.Nc3 Nf6 4.cxd5 exd5 5.Bg5 Be7 6.Qc2 O-O 7.e3 c5 8.dxc5 
Qa5 9.Bd3 h6 10.Bxf6 Bxf6 11.Ne2 Nc6 12.O-O Qxc5 13.Rac1 Rd8 14.Rfd1 Bg4 
15.Bh7+ Kh8 16.Bf5 Bxe2 17.Nxe2 Qxc2 18.Rxc2 g6 19.Bh3 d4 20.exd4 Nxd4 21.
Nxd4 Bxd4 22.Rcd2 Bb6 23.Bd7 Kg7 24.Kf1 Bc5 25.Ke2 a5 26.f4 b6 27.Kf3 Ra7 
28.Ba4 1/2-1/2

[Event "zonal 1.7b"]
[Site "Mykolaiv UKR"]
[Date "1993.??.??"]
[Round "?"]
[White "Rogozenco, Dorian"]
[Black "Golubev, Mikhail"]
[Result "1/2-1/2"]
[WhiteElo "2480"]
[BlackElo "2495"]
[EventDate "1993.03.??"]
[PlyCount "77"]

1.d4 Nf6 2.c4 g6 3.Nc3 Bg7 4.e4 d6 5.f3 O-O 6.Be3 c5 7.dxc5 dxc5 8.Qxd8 
Rxd8 9.Bxc5 Nc6 10.Ba3 a5 11.Rd1 Be6 12.Nd5 Nb4 13.Nxe7+ Kh8 14.Nd5 b5 15.
Bxb4 axb4 16.Nxb4 Rxd1+ 17.Kxd1 Bf8 18.Nc2 Rxa2 19.Kc1 Nd7 20.Kb1 Ra8 21.
Ne2 Nc5 22.Ned4 Bxc4 23.Bxc4 bxc4 24.Ne3 Bg7 25.Rd1 h5 26.Nc6 Ra4 27.Rd8+ 
Kh7 28.Nc2 Nd3 29.N2d4 Ra6 30.Rb8 Ne1 31.Rb4 Nxg2 32.Rxc4 Ne3 33.Rb4 Nf1 
34.h3 Nd2+ 35.Kc2 Nxf3 36.Nxf3 Rxc6+ 37.Kd3 Kh6 38.Rb7 g5 39.Rxf7 1/2-1/2

[Event "zonal 1.7b"]
[Site "Mykolaiv UKR"]
[Date "1993.??.??"]
[Round "?"]
[White "Ryskin, Alexander"]
[Black "Gadjily, Raouf"]
[Result "1/2-1/2"]
[WhiteElo "2505"]
[BlackElo "2365"]
[EventDate "1993.03.??"]
[PlyCount "156"]

1.d4 Nf6 2.c4 g6 3.Nc3 Bg7 4.e4 d6 5.Be2 O-O 6.Bg5 Nbd7 7.Qc2 a6 8.Nf3 h6 
9.Bf4 e5 10.dxe5 Nh5 11.Be3 dxe5 12.O-O Nf4 13.Rfd1 Nxe2+ 14.Qxe2 c6 15.
Qd2 Kh7 16.Na4 Qe7 17.Qa5 b5 18.cxb5 cxb5 19.Nc3 Nf6 20.a4 Bb7 21.axb5 
axb5 22.Qxb5 Nxe4 23.Nxe4 Bxe4 24.Bc5 Qe8 25.Qe2 Bxf3 26.gxf3 Rg8 27.Rxa8 
Qxa8 28.b4 Rd8 29.Rxd8 Qxd8 30.Be3 Qd5 31.b5 e4 32.f4 Bf6 33.b6 Bd8 34.Qc2
g5 35.fxg5 hxg5 36.Qb1 Kg6 37.h3 Qe5 38.Qb4 Be7 39.Bd4 Qe6 40.Bc5 e3 41.
Qb1+ Kh6 42.Bxe3 Qxh3 43.Qe4 f5 44.Qe6+ Kh5 45.Qf7+ Kh6 46.Qe6+ Kh5 47.Qd5
Qg4+ 48.Kf1 f4 49.Qh1+ Kg6 50.Qc6+ Kh5 51.Qe8+ Kh6 52.Qh8+ Kg6 53.Qg8+ Kh6
54.Qh8+ Kg6 55.Qe8+ Kh6 56.Qc6+ Kh5 57.Qh1+ Kg6 58.Qe4+ Kh6 59.Bxf4 gxf4 
60.Qxe7 Qd1+ 61.Qe1 Qd3+ 62.Kg2 Qg6+ 63.Kf3 Qh5+ 64.Kxf4 Qg5+ 65.Kf3 Qf5+ 
66.Ke3 Qe5+ 67.Kd2 Qd4+ 68.Kc2 Qa4+ 69.Kb2 Qb5+ 70.Kc2 Qa4+ 71.Kd3 Qb5+ 
72.Ke3 Qe5+ 73.Kd2 Qd4+ 74.Kc2 Qa4+ 75.Kb2 Qb5+ 76.Ka3 Qa6+ 77.Kb3 Qxb6+ 
78.Kc2 Qg6+ 1/2-1/2

[Event "zonal 1.7b"]
[Site "Mykolaiv UKR"]
[Date "1993.??.??"]
[Round "?"]
[White "Ryskin, Alexander"]
[Black "Komliakov, Viktor"]
[Result "1-0"]
[WhiteElo "2505"]
[BlackElo "2435"]
[EventDate "1993.03.??"]
[PlyCount "68"]

1.d4 d5 2.c4 c6 3.Nc3 Nf6 4.e3 a6 5.Bd3 b5 6.b3 Nbd7 7.Nf3 e6 8.O-O Be7 9.
a4 b4 10.Ne2 c5 11.cxd5 Nxd5 12.Bb2 Bb7 13.Rc1 N5f6 14.Ng3 cxd4 15.Bxd4 
O-O 16.Qe2 Qa5 17.Nd2 Rfc8 18.Nc4 Qd8 19.Rfd1 a5 20.Nh5 Nxh5 21.Qxh5 g6 
22.Qh3 Qf8 23.Bxg6 fxg6 24.Qxe6+ Qf7 25.Qxd7 Bd5 26.Nb6 Rd8 27.Qc7 Bxb3 
28.Nxa8 Bxd1 29.Qe5 Bf6 30.Qxf6 Qxf6 31.Bxf6 Rd3 32.Nb6 b3 33.Nc4 Bc2 34.
Bd4 Kf7 1-0

[Event "zonal 1.7b"]
[Site "Mykolaiv UKR"]
[Date "1993.??.??"]
[Round "?"]
[White "Savchenko, Stanislav"]
[Black "Kuzmin, Gennady"]
[Result "1/2-1/2"]
[WhiteElo "2535"]
[BlackElo "2525"]
[EventDate "1993.03.??"]
[PlyCount "68"]

1.d4 Nf6 2.c4 e6 3.Nf3 d5 4.Nc3 Bb4 5.cxd5 exd5 6.Bg5 Nbd7 7.Rc1 O-O 8.Qb3
Ba5 9.e3 h6 10.Bh4 c6 11.Bd3 c5 12.Qc2 c4 13.Bf5 Re8 14.O-O Bxc3 15.bxc3 
b5 16.Rfe1 Rb8 17.e4 dxe4 18.Bxe4 Rb6 19.Bh7+ Kf8 20.Bf5 Kg8 21.Ne5 Nxe5 
22.dxe5 Bxf5 23.Qxf5 Qd7 24.Qxd7 Nxd7 25.f4 Ra6 26.Rb1 Nc5 27.Rxb5 Nd3 28.
Re4 Rxa2 29.h3 Rc2 30.Rxc4 Re6 31.Rd5 Rg6 32.Rxd3 Rgxg2+ 33.Kf1 Rh2 34.Kg1
Rhg2+ 1/2-1/2

[Event "zonal 1.7b"]
[Site "Mykolaiv UKR"]
[Date "1993.??.??"]
[Round "?"]
[White "Savchenko, Stanislav"]
[Black "Timoshenko, Georgy"]
[Result "1-0"]
[WhiteElo "2535"]
[BlackElo "2515"]
[EventDate "1993.03.??"]
[PlyCount "85"]

1.d4 Nf6 2.c4 e6 3.Nf3 b6 4.g3 Bb7 5.Bg2 Be7 6.Nc3 Ne4 7.Bd2 Bf6 8.O-O O-O
9.Rc1 c5 10.d5 exd5 11.cxd5 Nxd2 12.Nxd2 d6 13.Nde4 Be7 14.f4 Bc8 15.Kh1 
Re8 16.Bf3 a6 17.a4 Bf8 18.g4 h6 19.Rg1 Qh4 20.Qd2 f5 21.gxf5 Bxf5 22.Ng3 
Bg4 23.Be4 Nd7 24.Bg6 Nf6 25.Bxe8 Rxe8 26.Rcf1 Qh3 27.f5 b5 28.axb5 axb5 
29.Rf4 Re5 30.Nce4 h5 31.Nxf6+ gxf6 32.Nxh5 Qxh5 33.Rfxg4+ Kf7 34.e4 Qh3 
35.Qe2 c4 36.R1g3 Qh6 37.Kg2 Qc1 38.Rg8 Ke7 39.Qh5 Qd2+ 40.Kh3 Qh6 41.Qxh6
Bxh6 42.Rh8 Bg5 43.Ra3 1-0

[Event "zonal 1.7b"]
[Site "Mykolaiv UKR"]
[Date "1993.??.??"]
[Round "?"]
[White "Savon, Vladimir"]
[Black "Kuzmin, Gennady"]
[Result "1/2-1/2"]
[WhiteElo "2415"]
[BlackElo "2525"]
[EventDate "1993.03.??"]
[PlyCount "32"]

1.e4 e5 2.Nf3 d6 3.d4 exd4 4.Qxd4 a6 5.Bg5 Nc6 6.Qc3 Nf6 7.Bxf6 Qxf6 8.
Qxf6 gxf6 9.Nc3 f5 10.Nd5 Kd8 11.Ng5 Ne5 12.f4 h6 13.Nf3 Nxf3+ 14.gxf3 h5 
15.Bh3 Be6 16.Bxf5 Bh6 1/2-1/2

[Event "zonal 1.7b"]
[Site "Mykolaiv UKR"]
[Date "1993.??.??"]
[Round "?"]
[White "Savon, Vladimir"]
[Black "Nevednicii, Vladislav"]
[Result "1/2-1/2"]
[WhiteElo "2415"]
[BlackElo "2495"]
[EventDate "1993.03.??"]
[PlyCount "25"]

1.e4 g6 2.d4 Bg7 3.Nf3 d6 4.Bc4 c6 5.Bb3 Nf6 6.e5 Nd5 7.O-O O-O 8.Re1 Bg4 
9.exd6 Qxd6 10.Nbd2 e6 11.h3 Bxf3 12.Nxf3 Nd7 13.Qe2 1/2-1/2

[Event "zonal 1.7b"]
[Site "Mykolaiv UKR"]
[Date "1993.??.??"]
[Round "?"]
[White "Savon, Vladimir"]
[Black "Neverov, Valeriy"]
[Result "1-0"]
[WhiteElo "2415"]
[BlackElo "2550"]
[EventDate "1993.03.??"]
[PlyCount "76"]

1.c4 e6 2.Nc3 d5 3.d4 c6 4.e4 dxe4 5.Nxe4 Bb4+ 6.Nc3 c5 7.Nf3 Ne7 8.Be2 
Nbc6 9.dxc5 Bxc3+ 10.bxc3 Qa5 11.Qb3 e5 12.O-O Bg4 13.h3 Bh5 14.Re1 O-O 
15.Nd2 Bxe2 16.Rxe2 f5 17.Nf1 f4 18.Nd2 Rad8 19.Rb1 Rd7 20.Qc2 Nf5 21.Ne4 
Qa6 22.Rd2 Rxd2 23.Bxd2 Na5 24.Qd3 Qg6 25.f3 Ne7 26.Qe2 Qe6 27.Be1 a6 28.
Bf2 Re8 29.Rd1 Nf5 30.Rd5 Nc6 31.Qb2 h6 32.Qxb7 Rb8 33.Qd7 Rb1+ 34.Kh2 
Qxd7 35.Rxd7 Ne3 36.Bxe3 fxe3 37.Ng3 Rc1 38.Rd3 e2 1-0

[Event "zonal 1.7b"]
[Site "Mykolaiv UKR"]
[Date "1993.??.??"]
[Round "?"]
[White "Shmuter, Leonid"]
[Black "Guliev, Sarhan"]
[Result "1/2-1/2"]
[WhiteElo "2440"]
[BlackElo "2485"]
[EventDate "1993.03.??"]
[PlyCount "54"]

1.e4 c6 2.d4 d5 3.Nd2 dxe4 4.Nxe4 Bf5 5.Ng3 Bg6 6.h4 h6 7.Nf3 Nd7 8.h5 Bh7
9.Bd3 Bxd3 10.Qxd3 e6 11.Bf4 Qa5+ 12.Bd2 Qc7 13.O-O-O O-O-O 14.Qe2 Ngf6 
15.Ne5 Nb6 16.c4 c5 17.Bf4 Bd6 18.Kb1 Nbd7 19.Nxd7 Rxd7 20.Bxd6 Rxd6 21.
dxc5 Qxc5 22.Rxd6 Qxd6 23.Rd1 Qf4 24.Qd2 Qxd2 25.Rxd2 Kc7 26.Kc2 Rg8 27.
Rd4 Rd8 1/2-1/2

[Event "zonal 1.7b"]
[Site "Mykolaiv UKR"]
[Date "1993.??.??"]
[Round "?"]
[White "Shmuter, Leonid"]
[Black "Komliakov, Viktor"]
[Result "1-0"]
[WhiteElo "2440"]
[BlackElo "2435"]
[EventDate "1993.03.??"]
[PlyCount "65"]

1.e4 c6 2.d4 d5 3.Nd2 g6 4.Ngf3 Bg7 5.c3 Nh6 6.Bd3 O-O 7.h3 Nd7 8.O-O c5 
9.exd5 cxd4 10.Nxd4 Nb6 11.N2f3 Nxd5 12.Qb3 e6 13.Re1 a6 14.Bg5 Qc7 15.Qc2
Kh8 16.Qd2 Ng8 17.c4 Nde7 18.Bf4 Qd8 19.Rad1 Bxd4 20.Nxd4 e5 21.Rxe5 Qxd4 
22.Re4 Qg7 23.Rxe7 Nxe7 24.Bh6 Qg8 25.Qb4 f6 26.Re1 a5 27.Qa3 Rf7 28.Rxe7 
Bd7 29.Qd6 Be8 30.c5 Rxe7 31.Qxe7 Qf7 32.Qd6 Kg8 33.Bc4 1-0

[Event "zonal 1.7b"]
[Site "Mykolaiv UKR"]
[Date "1993.??.??"]
[Round "?"]
[White "Shmuter, Leonid"]
[Black "Rakhmangulov, Andrei"]
[Result "0-1"]
[WhiteElo "2440"]
[BlackElo "2325"]
[EventDate "1993.03.??"]
[PlyCount "66"]

1.e4 d6 2.d4 Nf6 3.Nc3 g6 4.Nf3 Bg7 5.Be2 O-O 6.O-O c5 7.d5 Na6 8.h3 Nc7 
9.a4 b6 10.Bf4 Bb7 11.Bc4 a6 12.Qd3 Qd7 13.Ra3 Nh5 14.Bh2 Bxc3 15.Qxc3 b5 
16.axb5 axb5 17.Rxa8 Rxa8 18.Be2 f5 19.exf5 Nxd5 20.Qd2 gxf5 21.Ne5 Qe8 
22.Qg5+ Ng7 23.Nd3 Qg6 24.Qd2 Ne3 25.Nf4 Nxf1 26.Bxf1 Qf7 27.Bxb5 Ra1+ 28.
Bf1 Qc4 29.Nd3 Qe4 30.f3 Qd4+ 31.Qf2 Ne6 32.Qxd4 Nxd4 33.c3 Ba6 0-1

[Event "zonal 1.7b"]
[Site "Mykolaiv UKR"]
[Date "1993.??.??"]
[Round "?"]
[White "Shmuter, Leonid"]
[Black "Timoshenko, Georgy"]
[Result "1-0"]
[WhiteElo "2440"]
[BlackElo "2515"]
[EventDate "1993.03.??"]
[PlyCount "52"]

1.e4 c5 2.Nf3 d6 3.d4 cxd4 4.Nxd4 Nf6 5.Nc3 a6 6.Bg5 e6 7.f4 Qb6 8.Qd2 
Qxb2 9.Rb1 Qa3 10.Bxf6 gxf6 11.Be2 Nc6 12.Nxc6 bxc6 13.O-O d5 14.exd5 cxd5
15.f5 Qa5 16.Kh1 Bd6 17.fxe6 Bxe6 18.Rxf6 Be5 19.Qh6 Qxc3 20.Rxe6+ fxe6 
21.Qxe6+ Kd8 22.Bg4 Ra7 23.Qxd5+ Ke8 24.Bh5+ Kf8 25.Qd8+ Kg7 26.Qg5+ Kf8 
1-0

[Event "zonal 1.7b"]
[Site "Mykolaiv UKR"]
[Date "1993.??.??"]
[Round "?"]
[White "Shmuter, Leonid"]
[Black "Verdikhanov, Vladislav"]
[Result "1-0"]
[WhiteElo "2440"]
[BlackElo "2270"]
[EventDate "1993.03.??"]
[PlyCount "161"]

1.e4 c5 2.Nf3 Nc6 3.d4 cxd4 4.Nxd4 Nf6 5.Nc3 e5 6.Ndb5 d6 7.Bg5 a6 8.Na3 
b5 9.Nd5 Be7 10.Bxf6 Bxf6 11.c3 O-O 12.Nc2 Bg5 13.a4 bxa4 14.Rxa4 Bb7 15.
Bc4 Na5 16.Be2 Nb3 17.Ra3 Nc5 18.f3 a5 19.b3 Bxd5 20.Qxd5 Bc1 21.Ra2 Ne6 
22.g3 Qg5 23.Bc4 h5 24.Qd1 Be3 25.Ke2 Bc5 26.Qc1 Qf6 27.Ne3 Bxe3 28.Qxe3 
Rfc8 29.Bd5 Rab8 30.Rxa5 h4 31.b4 g6 32.Rha1 Kg7 33.Ra8 Nc7 34.Rxb8 Rxb8 
35.Bc4 hxg3 36.hxg3 Rh8 37.Kd3 Rh2 38.Ra2 Rh1 39.Rg2 Qd8 40.Rg1 Rh2 41.Ra1
Qf6 42.Rf1 Ne6 43.Qg1 Rh8 44.Qg2 Rd8 45.Kc2 Rc8 46.Bd5 Qe7 47.Rh1 Qf6 48.
Kb2 Ng5 49.Rf1 Ne6 50.Rh1 Ng5 51.Rf1 Ne6 52.Qd2 Rh8 53.f4 exf4 54.Bxe6 
Qxe6 55.Rxf4 Rh5 56.Qd4+ Kg8 57.Rf2 d5 58.exd5 Rxd5 59.Qf4 Rd8 60.Qf3 Qc4 
61.Qf4 Qe6 62.Qf3 Qc4 63.Re2 Qa6 64.Re7 Qc4 65.Qe2 Qc6 66.Qe4 Qb5 67.Qe5 
Qa4 68.Qf4 Rf8 69.Qf3 Qb5 70.Qe2 Qb6 71.Qe4 Qd6 72.g4 Qd2+ 73.Qc2 Qd5 74.
Qe4 Qd2+ 75.Qc2 Qd5 76.Qe2 Qc6 77.Qe4 Qb5 78.Kb3 Rd8 79.Qc4 Qxc4+ 80.Kxc4 
Rc8+ 81.Kb3 1-0

[Event "zonal 1.7b"]
[Site "Mykolaiv UKR"]
[Date "1993.??.??"]
[Round "?"]
[White "Timoshenko, Georgy"]
[Black "Alexandrov, Alexei"]
[Result "1/2-1/2"]
[WhiteElo "2515"]
[BlackElo "2530"]
[EventDate "1993.03.??"]
[PlyCount "66"]

1.e4 e5 2.Nf3 Nc6 3.Bb5 Nf6 4.O-O Nxe4 5.d4 Nd6 6.Bxc6 dxc6 7.dxe5 Nf5 8.
Qxd8+ Kxd8 9.Nc3 Be6 10.Ng5 Ke7 11.Rd1 h6 12.Nge4 Rd8 13.b3 Rxd1+ 14.Nxd1 
Kd7 15.Bb2 c5 16.c4 Kc6 17.f4 Nd4 18.Kf2 Be7 19.Ne3 g5 20.g3 gxf4 21.gxf4 
Bh4+ 22.Ng3 a5 23.Rd1 Rd8 24.Ng2 Be7 25.Ne3 Bh4 26.Ng2 Nf5 27.Rxd8 Bxd8 
28.Ne3 Bh4 29.Kf3 Nxe3 30.Kxe3 Bxg3 31.hxg3 Bf5 32.e6 fxe6 33.Kd2 h5 
1/2-1/2

[Event "zonal 1.7b"]
[Site "Mykolaiv UKR"]
[Date "1993.??.??"]
[Round "?"]
[White "Timoshenko, Georgy"]
[Black "Frolov, Artur"]
[Result "1/2-1/2"]
[WhiteElo "2515"]
[BlackElo "2530"]
[EventDate "1993.03.??"]
[PlyCount "47"]

1.e4 e5 2.Nf3 Nc6 3.Bb5 a6 4.Ba4 Nf6 5.O-O Be7 6.Re1 b5 7.Bb3 d6 8.c3 O-O 
9.h3 Na5 10.Bc2 c5 11.d4 Qc7 12.Nbd2 Bd7 13.Nf1 Nc4 14.Ne3 Nxe3 15.Bxe3 g6
16.Bg5 Rfe8 17.Qd2 Nh5 18.Bxe7 Rxe7 19.dxe5 dxe5 20.Rad1 Be6 21.Qd6 Qxd6 
22.Rxd6 Ree8 23.Red1 Kg7 24.Nh2 1/2-1/2

[Event "zonal 1.7b"]
[Site "Mykolaiv UKR"]
[Date "1993.??.??"]
[Round "?"]
[White "Timoshenko, Georgy"]
[Black "Gadjily, Raouf"]
[Result "1-0"]
[WhiteElo "2515"]
[BlackElo "2365"]
[EventDate "1993.03.??"]
[PlyCount "55"]

1.e4 c5 2.Nf3 d6 3.d4 cxd4 4.Nxd4 Nf6 5.Nc3 a6 6.f4 e6 7.Be2 Be7 8.O-O Qc7
9.a4 Nc6 10.Be3 O-O 11.Kh1 Re8 12.Bf3 Bd7 13.Nb3 Na5 14.Nd2 Bc6 15.Qe1 b5 
16.e5 Nd5 17.Nxd5 exd5 18.Bd4 Bf8 19.b3 Bb7 20.c3 b4 21.Rc1 Qd7 22.Qg3 
dxe5 23.fxe5 bxc3 24.Bg4 Qe7 25.Bxc3 Nc6 26.e6 fxe6 27.Bxe6+ Kh8 28.Bxd5 
1-0

[Event "zonal 1.7b"]
[Site "Mykolaiv UKR"]
[Date "1993.??.??"]
[Round "?"]
[White "Timoshenko, Georgy"]
[Black "Neverov, Valeriy"]
[Result "0-1"]
[WhiteElo "2515"]
[BlackElo "2550"]
[EventDate "1993.03.??"]
[PlyCount "70"]

1.e4 c5 2.Nf3 d6 3.d4 cxd4 4.Nxd4 Nf6 5.Nc3 a6 6.Be2 e5 7.Nb3 Be7 8.Be3 
O-O 9.O-O Be6 10.Qd2 Nbd7 11.a4 b6 12.Rfd1 Qb8 13.f3 Rc8 14.Nd5 Nxd5 15.
exd5 Bf5 16.c3 Nf6 17.a5 b5 18.Nc1 Bd8 19.g4 Bd7 20.g5 Nh5 21.Nd3 g6 22.
Kh1 Rc4 23.b3 Rh4 24.Rg1 Qb7 25.Qe1 Rh3 26.c4 e4 27.Nf2 exf3 28.Nxh3 fxe2 
29.Nf2 bxc4 30.bxc4 Qb2 31.Qd2 Qe5 32.Rae1 Bxa5 33.Qd4 Qf5 34.Rxe2 Qf3+ 
35.Rg2 Qxe2 0-1

[Event "zonal 1.7b"]
[Site "Mykolaiv UKR"]
[Date "1993.??.??"]
[Round "?"]
[White "Timoshenko, Georgy"]
[Black "Savon, Vladimir"]
[Result "0-1"]
[WhiteElo "2515"]
[BlackElo "2415"]
[EventDate "1993.03.??"]
[PlyCount "130"]

1.e4 c5 2.Nf3 d6 3.d4 cxd4 4.Nxd4 Nf6 5.Nc3 a6 6.f4 e5 7.Nf3 Nbd7 8.a4 Be7
9.Bd3 O-O 10.O-O exf4 11.Kh1 Nh5 12.Nd5 Nc5 13.Nxf4 Nxf4 14.Bxf4 Bf6 15.c3
Re8 16.Qc2 Be6 17.Nd2 Rc8 18.Be2 Qd7 19.Bg3 Bg5 20.b4 Nxa4 21.Nf3 Nxc3 22.
Nxg5 Nxe2 23.Qxe2 Bc4 24.Qh5 h6 25.Rfd1 hxg5 26.Rxd6 Qe7 27.e5 Be6 28.Qe2 
Rc4 29.Qd2 Rec8 30.h3 Rc3 31.Bf2 Rc2 32.Qe1 Bc4 33.Bd4 Bb5 34.Rd1 Bc6 35.
Bf2 Re8 36.e6 fxe6 37.R6d2 Rxd2 38.Qxd2 Bd5 39.Bc5 Qf6 40.Qe2 Qf5 41.Kg1 
Rc8 42.Rf1 Qg6 43.Qe5 a5 44.Rf2 axb4 45.Bxb4 g4 46.hxg4 Rc1+ 47.Kh2 Qxg4 
48.Be7 Rf1 49.Qe2 Qxe2 50.Rxe2 Rb1 51.Bd6 b5 52.Be5 b4 53.Rc2 Re1 54.Bb2 
b3 55.Rf2 Kh7 56.Kg3 Kg6 57.Rd2 Rf1 58.Rf2 Rg1 59.Kh2 Re1 60.Rd2 Re3 61.
Kg1 Rg3 62.Rf2 Rd3 63.Kh2 Kh6 64.g3 g5 65.g4 Bf3 0-1

[Event "zonal 1.7b"]
[Site "Mykolaiv UKR"]
[Date "1993.??.??"]
[Round "?"]
[White "Tukmakov, Volodymyr"]
[Black "Neverov, Valeriy"]
[Result "1/2-1/2"]
[WhiteElo "2605"]
[BlackElo "2550"]
[EventDate "1993.03.??"]
[PlyCount "103"]

1.d4 Nf6 2.Nf3 g6 3.c4 Bg7 4.g3 O-O 5.Bg2 c6 6.O-O d5 7.Qb3 b6 8.Nc3 Bb7 
9.Bf4 e6 10.Rad1 Nbd7 11.e4 Nxe4 12.Nxe4 dxe4 13.Ng5 c5 14.d5 e5 15.Be3 f5
16.Ne6 Qe7 17.Nxf8 Rxf8 18.Bd2 Qd6 19.a3 h5 20.Qa4 a6 21.b4 Rc8 22.Rfe1 
Bf8 23.Bf1 h4 24.Rb1 hxg3 25.hxg3 Qc7 26.Qb3 Bd6 27.a4 cxb4 28.Bxb4 Nc5 
29.Bxc5 Bxc5 30.a5 Rf8 31.axb6 Qd8 32.Rb2 Qg5 33.Bg2 f4 34.Rxe4 fxg3 35.
Ree2 gxf2+ 36.Rxf2 Qc1+ 37.Bf1 Qg5+ 38.Bg2 Qc1+ 39.Bf1 Qg5+ 40.Bg2 Rxf2 
41.Rxf2 Qc1+ 42.Bf1 Qg5+ 43.Bg2 Qf5 44.Qb2 Qf4 45.Kf1 Bxf2 46.Qxf2 Qc1+ 
47.Qe1 Qxc4+ 48.Kg1 Qd4+ 49.Qf2 Qxf2+ 50.Kxf2 Kf7 51.Ke3 Ke7 52.d6+ 
1/2-1/2

[Event "zonal 1.7b"]
[Site "Mykolaiv UKR"]
[Date "1993.??.??"]
[Round "?"]
[White "Tukmakov, Volodymyr"]
[Black "Rakhmangulov, Andrei"]
[Result "1-0"]
[WhiteElo "2605"]
[BlackElo "2325"]
[EventDate "1993.03.??"]
[PlyCount "82"]

1.d4 Nf6 2.Nf3 c5 3.d5 d6 4.Nc3 a6 5.a4 e6 6.e4 exd5 7.exd5 Be7 8.h3 O-O 
9.Bd3 Nbd7 10.O-O Nb6 11.Be2 h6 12.a5 Nbd7 13.Nd2 b5 14.axb6 Nxb6 15.Nb3 
Re8 16.Na5 Bf8 17.Be3 Qc7 18.Qd2 Bf5 19.Ra3 Ne4 20.Nxe4 Bxe4 21.c4 Nd7 22.
Bd3 Bxd3 23.Qxd3 Rab8 24.Qc2 Rb6 25.Rfa1 Nb8 26.Rb3 Rxb3 27.Qxb3 Rc8 28.
Bd2 Rd8 29.Ra3 Rd7 30.Qa4 Qc8 31.Rb3 Rc7 32.Bf4 Be7 33.Rb6 Nd7 34.Rxd6 
Bxd6 35.Bxd6 Nf6 36.Nc6 Qd7 37.Bxc7 Qxc7 38.Qb3 a5 39.g3 Ne4 40.Qe3 f5 41.
g4 Qf7 1-0

[Event "zonal 1.7b"]
[Site "Mykolaiv UKR"]
[Date "1993.??.??"]
[Round "?"]
[White "Tukmakov, Volodymyr"]
[Black "Timoshenko, Georgy"]
[Result "0-1"]
[WhiteElo "2605"]
[BlackElo "2515"]
[EventDate "1993.03.??"]
[PlyCount "136"]

1.d4 Nf6 2.Nf3 e6 3.c4 b6 4.g3 Bb7 5.Bg2 Be7 6.Nc3 Ne4 7.Bd2 Bf6 8.O-O O-O
9.Qc2 Nxd2 10.Qxd2 d6 11.e4 Nd7 12.Rfe1 g6 13.h4 Bg7 14.h5 gxh5 15.Rad1 a6
16.Qe2 Qe7 17.Nh4 Qg5 18.e5 Bxg2 19.Kxg2 Qh6 20.f4 Rfd8 21.Ne4 Nf8 22.exd6
cxd6 23.d5 Ng6 24.Rh1 Ne7 25.Ng5 e5 26.Ngf3 Qf6 27.fxe5 dxe5 28.Rhf1 Ng6 
29.Qe4 Rac8 30.Rc1 Qd6 31.Nf5 Qb4 32.Rc2 f6 33.Ne1 b5 34.b3 bxc4 35.bxc4 
Rc7 36.Nd3 Qa4 37.Rfc1 Bf8 38.d6 Rcc8 39.Qd5+ Kh8 40.c5 Qg4 41.Rf2 Qg5 42.
Rc4 h4 43.d7 hxg3 44.Nxg3 Rc7 45.c6 Be7 46.Rf5 Qd2+ 47.Rf2 Qg5 48.Rf5 Qd2+
49.Kh3 Rg8 50.Rg4 Qc3 51.Rh5 Qxc6 52.Qf7 Rg7 53.Qe8+ Rg8 54.Qf7 Rg7 55.
Qe8+ Rg8 56.Qxe7 Nxe7 57.Rxg8+ Nxg8 58.d8=Q Rc8 59.Nxe5 Qe6+ 60.Nf5 fxe5 
61.Qd3 Ne7 62.Qb3 Nd5 63.Kh2 Qg6 64.Ng3 Nf4 65.Rxe5 Rc2+ 66.Kg1 Rg2+ 67.
Kf1 Rxg3 68.Qb8+ Qg8 0-1

[Event "zonal 1.7b"]
[Site "Mykolaiv UKR"]
[Date "1993.??.??"]
[Round "?"]
[White "Verdikhanov, Vladislav"]
[Black "Kruppa, Yury"]
[Result "1-0"]
[WhiteElo "2270"]
[BlackElo "2475"]
[EventDate "1993.03.??"]
[PlyCount "121"]

1.d4 Nf6 2.c4 g6 3.Nc3 Bg7 4.e4 d6 5.Nge2 a6 6.Ng3 c6 7.a4 a5 8.Be2 O-O 9.
O-O e5 10.d5 Na6 11.Be3 Nc5 12.Re1 h5 13.f3 h4 14.Nh1 Nh5 15.Nf2 Nf4 16.
Bf1 cxd5 17.cxd5 b6 18.Kh1 Bf6 19.Rb1 Kg7 20.b4 axb4 21.Rxb4 Bd7 22.Qd2 
Nxa4 23.Nxa4 Rxa4 24.Rxb6 Be8 25.Reb1 Rh8 26.Kg1 Ra8 27.Ng4 Bg5 28.Nf2 Ra3
29.R6b3 Rxb3 30.Rxb3 Be7 31.Qc3 Bg5 32.Rb7 Nh5 33.Bb6 Qa8 34.Ra7 Qb8 35.
Qa5 Nf6 36.Bc7 Qb2 37.Qa3 Qd4 38.Ra6 Be3 39.Qa2 Qd1 40.Qe2 Qc1 41.Bxd6 Bd4
42.Ra2 Bd7 43.Rd2 Qa1 44.g4 Rc8 45.Kg2 Ne8 46.Be7 Rb8 47.Bxh4 Nd6 48.Qa6 
Qxa6 49.Bxa6 f6 50.Rc2 g5 51.Bg3 Kf8 52.h4 Rb6 53.Be2 gxh4 54.Bxh4 Ke7 55.
Nh1 Nb5 56.Bxb5 Rxb5 57.Ng3 Be3 58.Nh5 Bg5 59.Bxg5 fxg5 60.Ng3 Rb1 61.Nf5+
1-0

[Event "zonal 1.7b"]
[Site "Mykolaiv UKR"]
[Date "1993.??.??"]
[Round "?"]
[White "Verdikhanov, Vladislav"]
[Black "Rakhmangulov, Andrei"]
[Result "0-1"]
[WhiteElo "2270"]
[BlackElo "2325"]
[EventDate "1993.03.??"]
[PlyCount "62"]

1.d4 Nf6 2.c4 c5 3.d5 b5 4.Nd2 Qa5 5.e4 bxc4 6.Qc2 Ba6 7.Ne2 Ng4 8.Nf4 Ne5
9.Be2 g6 10.O-O Bg7 11.Nxc4 Nxc4 12.Bxc4 Bxc4 13.Qxc4 d6 14.Nd3 Qa6 15.Qc2
O-O 16.Bg5 Nd7 17.Rab1 h6 18.Bd2 Rfc8 19.Rfc1 Rab8 20.b3 Qa3 21.f4 Bd4+ 
22.Kh1 Nf6 23.Re1 c4 24.bxc4 Rxb1 25.Qxb1 Rxc4 26.e5 Ng4 27.Re2 Bb6 28.Bb4
Qa6 29.h3 Rxb4 30.Qxb4 Qxd3 31.Qd2 Qg3 0-1

[Event "zonal 1.7b"]
[Site "Mykolaiv UKR"]
[Date "1993.??.??"]
[Round "?"]
[White "Verdikhanov, Vladislav"]
[Black "Ryskin, Alexander"]
[Result "1/2-1/2"]
[WhiteElo "2270"]
[BlackElo "2505"]
[EventDate "1993.03.??"]
[PlyCount "81"]

1.d4 Nf6 2.Nf3 g6 3.Bg5 Bg7 4.Nbd2 d5 5.e3 O-O 6.Bd3 c5 7.c3 Nbd7 8.O-O 
Qb6 9.Qb3 Rd8 10.Rfe1 Nf8 11.e4 Qxb3 12.axb3 cxd4 13.Nxd4 h6 14.Bxf6 Bxf6 
15.e5 Bg7 16.b4 Ne6 17.N2b3 Nxd4 18.Nxd4 Bd7 19.f4 e6 20.Ra5 a6 21.g4 Re8 
22.h4 Bf8 23.Kf2 Be7 24.Rh1 Kg7 25.Raa1 Bd8 26.Rae1 Bb6 27.Ke3 a5 28.bxa5 
Rxa5 29.Ra1 Rea8 30.Rxa5 Rxa5 31.h5 Ra2 32.Rh2 gxh5 33.Rxh5 Rxb2 34.f5 Bb5
35.f6+ Kg8 36.Bxb5 Rxb5 37.Rxh6 Rb3 38.Kd3 Bxd4 39.Kxd4 Ra3 40.g5 b6 41.g6
1/2-1/2